Konkurencieschopnosť PHF na trhu vzdelávania v Slovenskej republike diplomová práca

Na minha lista:
Detalhes bibliográficos
Autor principal: Bežilová, Ivana
Autor Corporativo: Podnikovohospodárska fakulta EU so sídlom v Košiciach. Katedra obchodného podnikania
Outros Autores: Kopčáková, Janka, 1994-
Formato: Livro
Idioma:eslovaco
Publicado em: Košice 2024
Tags: Adicionar Tag
Sem tags, seja o primeiro a adicionar uma tag!

MARC

LEADER 00000nbm a2200000 4500
001 0301430
005 20250120141846.5
041 0 |a slo 
044 |a SK 
245 1 0 |a Konkurencieschopnosť PHF na trhu vzdelávania v Slovenskej republike  |b diplomová práca  |c Ivana Bežilová ; školiteľ: Janka Kopčáková 
264 1 |a Košice  |c 2024 
300 |a 77 s. 
100 1 |a Bežilová, Ivana 
700 1 |a Kopčáková, Janka, 1994- 
710 2 |a Podnikovohospodárska fakulta EU so sídlom v Košiciach. Katedra obchodného podnikania